Häufigste Dinosaurier in Filmen - Statistiken

Allgemein
  • Dieses Quiz wurde 624 mal gespielt
  • Das Durchschnittsergebnis liegt bei 6 aus 11
Antwortstatistiken
Platz Dinosaurier Filme % Korrekt
1 Tyrannosaurus 74
100%
6 Velociraptor 17
84%
3 Triceratops 36
80%
4 Stegosaurus 28
77%
7 Brachiosaurus 15
73%
9 Ankylosaurus 11
45%
10 Brontosaurus 10
42%
2 Pteranodon 43
42%
8 Allosaurus 13
39%
8 Parasaurolophus 13
23%
5 Apatosaurus 20
13%
Keine übereinstimmenden Quizze gefunden
Verteilung der Resultate
Anzahl Personen mit jedem Resultat
Perzentil nach korrekt beantworteten Fragen
Ihre Resultats-Entwicklung
Sie haben dieses Quiz noch nicht gespielt